Pressefotografie in Kamerun

Titel: Pressefotografie in Kamerun : Erschließung, Digitalisierung und Konservierung des staatlichen Fotoarchivs
Verfasser:
Beteiligt:
In: Rundbrief Fotografie, Band 20, Heft 4 (2013), Seite 22-27
alle Artikel anzeigen
Veröffentlicht: 2013
Format: Aufsatz
Kein Bild verfügbar
X
alg: 44204938
001A    $03036:30-01-19 
001B    $01999:30-01-19 $t23:09:18.000 
001D    $03036:30-01-19 
001U    $0utf8 
001X    $00 
002@    $0Aox    
003@    $0442049382 
007A    $0442049382 $aHEB 
007T    $0ArchMa23283 
011@    $a2013 
021A    $aPressefotografie in Kamerun $dErschließung, Digitalisierung und Konservierung des staatlichen Fotoarchivs 
028A    $aSchneider $dJürg 
028B/01 $aColl $dRosario Mazuela 
031A    $d20 $e4 $h22-27 $j2013 
039B    $aIn $8--Abvc--. Rundbrief Fotografie. - Berlin : Deutscher Kunstverlag, 1993-. - ISSN 0945-0327 $x201300000200004978 $9048641111 
045T    $a9,11 $a24,1 

lok: 44204938 105

exp: 44204938 105 1 #EPN
201B/01 $020-02-25 $t10:43:08.000 
201C/01 $030-01-19 
201U/01 $0utf8 
203@/01 $01042437025 
208@/01 $a13-12-18 $be 
209A/01 $a/ $f106 $x00 
245Z/01 $a2.06. $bArchivwissenschaft und Archivtheorie / Digitalisierung $x01 
245Z/01 $a2.08.01. $bArchivwissenschaft und Archivtheorie / Erschließung $x02 
245Z/01 $a2.16.04.03. $bArchivwissenschaft und Archivtheorie / Archivaliengattungen / Bild- und Tonträger / Fotos $x03 
247C/01 $8->Marburg, Bibliographie zum Archivwesen der Archivschule Marburg $939588196X
LEADER 00000caa a22000002c 4500
001 442049382
003 DE-603
005 20190130230918.0
007 tu
008 190130s2013 xx |||| | u00||u|und c
035 |a (DE-599)HEB442049382 
040 |a DE-603  |b ger  |c DE-603  |d DE-603 
084 |a 9,11  |a 24,1  |2 ssgn 
100 1 |a Schneider, Jürg 
245 0 0 |a Pressefotografie in Kamerun  |b Erschließung, Digitalisierung und Konservierung des staatlichen Fotoarchivs 
264 0 |c 2013 
700 1 |a Coll, Rosario Mazuela 
773 0 8 |i In  |t Rundbrief Fotografie  |d Berlin : Deutscher Kunstverlag, 1993-  |h 30 cm  |x 0945-0327  |g Band 20, Heft 4 (2013), Seite 22-27  |w (DE-603)048641111  |w (DE-600)1176458-2 
924 0 |9 -  |a (DE-603)1042437025  |b DE-  |c HES  |d d  |g /